banner koha

Isaac Newton / (Registro n. 7453)

MARC details
000 -LÍDER
campo de controle de tamanho fixo 01765nam a2200229 a 4500
001 - NÚMERO DE CONTROLE
campo de controle BS0002394
003 - IDENTIFICADOR DO NÚMERO DE CONTROLE
campo de controle BR-BrBNA
005 - DATA E HORÁRIO DA ÚLTIMA TRANSAÇÃO
campo de controle 20230418192023.0
008 - CAMPO DE DADOS FIXOS--INFORMAÇÃO GERAL
campo de controle de tamanho fixo 230308b |||||||| |||| 00| 0 por d
040 ## - FONTE DA CATALOGAÇÃO
Instituição da catalogação original BR-BrBNA
Idioma da catalogação por
Instituição que transcreveu o registro Biblioteca Nacional de Agricultura
041 ## - CÓDIGO DE IDIOMA
Código do idioma do texto/trilha sonora ou título diferente por
072 ## - CÓDIGO DE CATEGORIA DE ASSUNTO
Código de Categoria de Assunto B60
090 ## - NÚMERO DE CHAMADA LOCAL
Número de chamada B60 BS0002394
100 1# - ENTRADA PRINCIPAL--NOME PESSOAL
Nome pessoal White, M.
245 1# - TÍTULO
Título Isaac Newton /
260 3# - PUBLICAÇÃO, DISTRIBUIÇÃO, ETC.
Local de publicação, distribuição, etc. São Paulo, SP:
Nome do editor, distribuidor, etc. Globo,
Data da publicação, distribuição, etc. 1993.
300 ## - DESCRIÇÃO FÍSICA
Extensão 64 p.
520 3# - NOTA DE RESUMO, ETC
Resumo, etc. Uma simples maçã mudou os rumos da ciência para sempre. Tudo aconteceu numa tarde de verão do ano de 1666, no interior da Inglaterra, quando o hovem Isaac Newton passeava por um pomar e resolveu descansar à sombra de uma árvore. Uma maçã caiu bem em cima de sua cabeça e essa queda ajudou-o a desenvolver a sua teoria sobre a Lei da Gravidade. Newton descobriu, também, o cálculo diferencial e realizou reveladores estudos sobre a luz. Mesmo já tendo conquistado um lugar sem igual na história científica, ele continuou com suas experiências e estudos, desenvolvendo as leis do moviento e um revolucionário telescópio. Transformando os fundamentos da ciência, Isaac Newton tornou-se um dos mais importantes cientistas de todos os tempos. O resultado de seu trabalho se aplica a quase tudo que se produz em nossos dias: da televisão ao laser, dos carros de fórmula 1 aos fabulosos arranha-céus, de revolucionários equipamentos médicos a simples brinquedos. A herança deixada pelo jovem que resolveu descansar embaixo de uma macieira, numa tarde quente do curto verão inglês, é imensa. Newton encontrou razões e explicações onde antes só havia ignorância ou não mais que meros indícios.
650 ## - ASSUNTO--TERMO TÓPICO
Cabeçalho tópico ou nome geográfico BIOGRAFIA
909 ## -
-- 202304
-- Sergio Santos
-- 56
-- Sergio Santos
942 ## - ELEMENTOS DE ENTRADA ADICIONADOS (KOHA)
Tipo de material Koha Livros
Exemplares
Situação do descarte Fonte da classificação ou esquema de arquivamento na estante Situação física Não pode ser emprestado Coleção Biblioteca de origem Biblioteca atual Total de empréstimos Número de telefone completo Código de barras Data de último acesso Número do exemplar Tipo de material Koha Situação das perdas Data de aquisição Fonte de aquisição Qualificador de local codificado Custo, preço normal de compra Número do inventário Custo, preço de reposição Preço efetivo de
  Classificação AGRIS     Acervo Cultural Espaço Ceres - QVT/MAPA Espaço Ceres - QVT/MAPA   B60 BS0002394 2023-436787 12/04/2023 01 Livros   2023-04-04 Doação B60        

BINAGRI

Telefone: (61)3218-2567/2388/3357/2097 - binagri@agro.gov.br

Ministério da Agricultura e Pecuária , Esplanada dos Ministérios, Bloco D, Anexo B, Brasília/DF, CEP: 70.043-900